00848cam a2200217 a 450000100100000000500170001000800410002704000250006804200120009308200190010510000430012424500550016726000270022230000210024949000370027065000260030765000400033395201170037395201230049099900170061300001829320200929165436.0741203s1972 fr 000 f fre d aDO-SdBNPbspacBNPHU apremarc a843.914bC436c1 aChalais, François,d1919-199693961714aLes chocolats de l'entracte /cFrançois Chalais. aParis :bStock,c1972. a348 p. ;c24 cm.1 aChoses VecuesaLe Livre de Poche 4aNovela francesa91075 4aLiteratura francesaySIGLO XX94232 001050718MOaGRbGRcHDd2010-04-27iLF1l0o843.914 C436cp18293-10r2020-06-25w2020-06-25y1ZNo se presta 001150718MOaGRbGRcMId2017-05-25iLF1l0o843.914 C436cp18293-20r2020-06-25te. 2w2020-06-25y1ZNo se presta c17814d17814